000
00350nam a2200133Ia 4500
008
100328s9999 xx 000 0 und d
082
_b
50764
100
_a
चिखले सुरेश
245
_a
पिरॅमिड.
260
_b
समााी
630
_a
पिरॅमिड.
730
_a
पिरॅमिड.
942
_c
BOOK
999
_c
537843
_d
537840